MathTensor : (Record no. 175418)

000 -LEADER
fixed length control field 00783 a2200205 4500
003 - CONTROL NUMBER IDENTIFIER
control field NUST
005 - DATE AND TIME OF LATEST TRANSACTION
control field 20221121181837.0
010 ## - LIBRARY OF CONGRESS CONTROL NUMBER
LC control number 93051092
020 ## - INTERNATIONAL STANDARD BOOK NUMBER
International Standard Book Number 0201569906
040 ## - CATALOGING SOURCE
Transcribing agency Nust
082 00 - DEWEY DECIMAL CLASSIFICATION NUMBER
Classification number 515.63,PAR
100 1# - MAIN ENTRY--PERSONAL NAME
Personal name Parker, Leonard Emanuel,
9 (RLIN) 103310
245 10 - TITLE STATEMENT
Title MathTensor :
Remainder of title a system for doing tensor analysis by computer /
Statement of responsibility, etc. Leonard Parker, Steven M. Christensen.
260 ## - PUBLICATION, DISTRIBUTION, ETC.
Place of publication, distribution, etc. Reading, Mass. :
Name of publisher, distributor, etc. Addison-Wesley,
Date of publication, distribution, etc. c1994.
300 ## - PHYSICAL DESCRIPTION
Extent xv, 379 p. ;
Dimensions 24 cm.
505 ## - FORMATTED CONTENTS NOTE
Formatted contents note Part-A: Tensor Analysis in Math tensor (Page-11), Part-B: Differential Forms in Math tensor (Page-201), Part-C: Applications of Math tensor (Page-243).
650 #0 - SUBJECT ADDED ENTRY--TOPICAL TERM
Topical term or geographic name entry element Calculus of tensors
General subdivision Data processing.
9 (RLIN) 103311
700 1# - ADDED ENTRY--PERSONAL NAME
Personal name Christensen, Steven M.
9 (RLIN) 103312
942 ## - ADDED ENTRY ELEMENTS (KOHA)
Koha item type Book
Source of classification or shelving scheme
Call number prefix 515.63,PAR
Holdings
Withdrawn status Lost status Source of classification or shelving scheme Damaged status Not for loan Permanent Location Current Location Shelving location Date acquired Full call number Barcode Date last seen Price effective from Koha item type Public note
          Military College of Signals (MCS) Military College of Signals (MCS) General Stacks 12/12/2016 515.63,PAR MCS27113 12/08/2016 12/12/2016 Book Almirah No.13, Shelf No.5
© 2023 Central Library, National University of Sciences and Technology. All Rights Reserved.